000 00348 a2200169 4500
001 171036
020 _a85-357-0375-6
040 _cMagnum
100 _aMartinelli, Tânia Alexandre
240 1 0 _aPai? eu?!
_lpor
245 1 0 _aPai? eu?!
300 _a112
362 0 _a2004
440 1 _aAtual
697 _aLITERATURA JUVENIL
942 _cBK
999 _c171036
_d171036